Akademické spin-off spoločnosti

Definícia a typológie akademickej spin-off spoločnosti. Typológia spin-off spoločností a modely ich vzniku. Právna úprava akademickej spin-off spoločnosti v rámci zákona o verejnej výskumnej inštitúcii.

Salvato in:
Dettagli Bibliografici
Autore principale: Králičková, Barbora
Natura: Capitolo di libro
Lingua:slovacco
Soggetti:
Tags: Aggiungi Tag
Nessun Tag, puoi essere il primo ad aggiungerne!!

MARC

LEADER 00000naa a2200000 4500
001 0240836
005 20180305065919.1
041 0 |a slo 
044 |a SK 
245 1 0 |a Akademické spin-off spoločnosti  |c Barbora Králičková 
520 |a Definícia a typológie akademickej spin-off spoločnosti. Typológia spin-off spoločností a modely ich vzniku. Právna úprava akademickej spin-off spoločnosti v rámci zákona o verejnej výskumnej inštitúcii. 
610 2 0 |a spin-off firmy 
610 2 0 |a vlastníctvo duševné 
610 2 0 |a inštitúcie vzdelávacie 
610 2 0 |a poriadok právny 
610 2 0 |a Slovensko 
610 2 0 |a veda 
610 2 0 |a výskum 
100 1 |a Králičková, Barbora